| 000 | 01189nam a2200301Ia 4500 | ||
|---|---|---|---|
| 005 | 20220317001038.0 | ||
| 008 | 160825s2007 sp g 000 0 spa | ||
| 020 | _a97884206345012 | ||
| 100 | 1 |
_aVoltaire, Francois Marie _d1694-1778 |
|
| 245 | 1 | 0 |
_aCándido y otros cuentos _cVoltaire ; selección y nota preliminar de Paulino Garagorri ; traductor Antonio Espina |
| 250 |
_a1a. edición _b5a. reimpresión |
||
| 300 |
_a211 páginas _c17 cm |
||
| 490 |
_aEl libro de bolsillo _pliteratura |
||
| 500 | _aVoltaire es seudónimo de François Marie Arouet | ||
| 505 | _aMemnón o la sabiduría humana -- Micromegas -- Historia de los viajes de Escarmentado -- Cándido o el optimismo -- El hombre de los cuarenta escudos | ||
| 650 | 1 | 4 |
_2LEMB _aCuentos franceses |
| 650 | 1 | 4 |
_2LEMB _aLiteratura francesa |
| 650 | 1 | 4 |
_2LEMB _aFilosofía en la literatura |
| 700 | 1 |
_aGaragorri, Paulino _916848 |
|
| 700 | 1 |
_aEspina, Antonio _916849 |
|
| 942 |
_2loc _cBKLIT |
||
| 264 |
_aMadrid _bAlianza _c2007 |
||
| 336 |
_atexto _btxt _2rdacontent |
||
| 337 |
_asin mediación _bn _2rdamedia |
||
| 338 |
_avolumen _bnc _2rdacarrier |
||
| 040 |
_aCO-BoRNBP _bspa _erda _cCO-BoRNBP |
||
| 084 | _aC VOL1 | ||
| 999 |
_c5775 _d5775 |
||